000 00554nam a22001817a 4500
003 UA-OsUOA
001 11250
007 ta
008 20050120b un ||||| |||| 00| 0 ukr d
100 _aТанатар Н.
942 _cSA
040 _aUA-OsUOA
_cUA-OsUOA
_dUA-OsUOA
245 _aУкраїнські бібліотеки у дзеркалі газетних публікацій 2003 року - року культури в Україні
300 _aС.17-22
955 _a0
773 0 _w0
650 7 _aБібліотечна справа
_2UDC
999 _c297411
_d297411